[Event "BCF-chT 97/98 (4NCL)"]
[Site "GBR"]
[Date "1998.01.25"]
[Round "6"]
[White "Mestel, A Jonathan"]
[Black "Crouch, Colin S"]
[Result "1/2-1/2"]
[WhiteElo "2480"]
[BlackElo "2410"]

1.c4 c6 2.d4 d5 3.Nf3 Nf6 4.Nc3 dxc4 5.a4 Bf5 6.e3 e6 7.Bxc4 Nbd7 8.O-O Bb4
9.Qe2 O-O 10.e4 Bg6 11.Bd3 Bh5 12.Bf4 Re8 13.e5 Nd5 14.Nxd5 cxd5 15.Qe3 a6
16.Ng5 Bg6 17.h4 h6 18.Nf3 Nf8 19.g4 Bxd3 20.Qxd3 Rc8 21.h5 Be7 22.Kh1 Nh7
23.Rg1 Ng5 24.Nxg5 Bxg5 25.Bg3 Qc7 26.f4 Bd8 27.Qe3 Qb6 28.b3 Kf8 29.g5 Ke7
30.g6 fxg6 31.a5 Qb5 32.Bh4+ Kd7 33.Bxd8 Kxd8 34.Rxg6 Re7 35.f5 exf5 36.Rb6 Qe8
37.Qf3 Qf7 38.Rd6+ Ke8 39.Rf1 f4 40.Kg1 Rc6 41.Rxc6 bxc6 42.Qg4 Qe6 43.Rxf4 Qxg4+
44.Rxg4 c5 45.dxc5 Rxe5 46.Kf2 Rxh5 47.Rxg7 Rh3 48.b4 Rb3 49.Rb7 Kd8 50.Ke2 d4
51.Kd2 h5 52.Kc2 Rc3+ 53.Kb2 Rc4 54.Rb6 Kc7 55.Kb3 Rc3+ 56.Ka4 h4 57.Rxa6 h3
58.Ra7+ Kb8 59.Rh7 d3 60.Rxh3 d2 61.Rh8+ Kc7 62.Rh7+ Kc8 63.Rh8+  1/2-1/2

[Event "Europe vs Americas"]
[Site "Mermaid Beach"]
[Date "1998.01.27"]
[Round "2"]
[White "Bezold, Michael"]
[Black "Waitzkin, Joshua"]
[Result "0-1"]
[WhiteElo "2490"]
[BlackElo "2465"]

1.c4 c6 2.Nc3 d5 3.e3 Nf6 4.Nf3 e6 5.b3 Nbd7 6.Qc2 Be7 7.Bb2 b6 8.Be2 Bb7
9.O-O O-O 10.Rac1 Rc8 11.Qb1 c5 12.cxd5 Nxd5 13.Ne4 N7f6 14.Ng3 h6 15.Qa1 a6
16.Ne5 Nb4 17.Rfd1 Rc7 18.f4 Qc8 19.Qb1 Qa8 20.a3 Nc6 21.f5 Nd8 22.Bf3 Bxf3
23.gxf3 Nh7 24.Qe4 Qc8 25.f4 Bh4 26.fxe6 Qxe6 27.Qc4 Bxg3 28.hxg3 Qh3 29.Kf2 Qh2+
30.Kf3 Ne6 31.Qf1 Nhg5+ 32.fxg5 Nxg5+ 33.Kf4 Re8 34.Qh1 Qf2+ 35.Kg4 Rce7
36.Rf1 Qxd2 37.Bc3 Qxe3 38.Rfe1 Qf2 39.Qg1 Qf6 40.Qf1 h5+ 41.Kxh5 Nf3 42.Kg4 Nh2+  0-1

[Event "Europe vs Americas"]
[Site "Mermaid Beach"]
[Date "1998.01.29"]
[Round "4"]
[White "Georgiev, Vladimir"]
[Black "Waitzkin, Joshua"]
[Result "1/2-1/2"]
[WhiteElo "2565"]
[BlackElo "2465"]

1.c4 c6 2.Nf3 d5 3.e3 Nf6 4.d4 Bf5 5.Nc3 e6 6.Nh4 Bg4 7.Qb3 Qb6 8.h3 Bh5
9.Bd2 Nbd7 10.g4 Bg6 11.g5 Ng8 12.Nxg6 hxg6 13.e4 dxe4 14.O-O-O Ne7 15.Nxe4 Nf5
16.Bc3 Rh4 17.Bg2 Qxb3 18.axb3 Nb6 19.Kc2 Be7 20.Rd3 O-O-O 21.Rf1 Rd7 22.f4 Bd8
23.Nc5 Re7 24.Be1 Rh8 25.Be4 Nd6 26.Re3 Bc7 27.h4 Ree8 28.Nd3 Nd5 29.Re2 Ne7
30.Ne5 Nef5 31.Bxf5 Nxf5 32.Re4 Re7 33.Bf2 Rd8 34.Kc3 a5 35.Rfe1 Rh8 36.b4 axb4+  1/2-1/2

[Event "AUT-chT3 9798"]
[Site "Vorarlberg "]
[Date "1998.01.30"]
[Round "7"]
[White "Heilinger, Dietmar"]
[Black "Schmidlechner, Alexander"]
[Result "1/2-1/2"]
[WhiteElo "2200"]
[BlackElo "2134"]

1.c4 c6 2.Nf3 d5 3.d4 Nf6 4.Nbd2 Bg4 5.Ne5 Bf5 6.e3 e6 7.g4 Bg6 8.h4 dxc4
9.Bxc4 Be4 10.Nxe4 Nxe4 11.Qf3 Bb4+ 12.Ke2 Nd6 13.a3 Ba5 14.Bd3 Nd7 15.b4 Bc7
16.Bb2  1/2-1/2

[Event "Europe vs Americas"]
[Site "Mermaid Beach"]
[Date "1998.02.04"]
[Round "10"]
[White "Gurevich, Dmitry"]
[Black "Fridman, Daniel"]
[Result "1/2-1/2"]
[WhiteElo "2540"]
[BlackElo "2520"]

1.c4 c6 2.Nf3 d5 3.g3 e6 4.Bg2 dxc4 5.Na3 Nf6 6.Nxc4 Nbd7 7.a4 Be7 8.a5 Qc7
9.d4 Bb4+ 10.Bd2 Bxd2+ 11.Qxd2 O-O 12.O-O Rd8 13.Rfd1 Rb8 14.Rac1 Nc5 15.Qc2 Na6
16.e4 Qe7 17.h4 h6 18.e5 Ne8 19.Qe4 Bd7 20.Bf1 Nb4 21.Ne1 f5 22.exf6 Nxf6
23.Qe2 Be8 24.Bh3 Bh5 25.Qxe6+ Qxe6 26.Bxe6+ Kf8 27.f3 Re8 28.Bf5 Re2 29.Nd3 Bxf3
30.Nf4 Ree8 31.Rf1 Be4 32.Bh3 Nd3 33.Nd6 Nxc1 34.Nxe8 Rxe8 35.Rxc1 Kf7 36.Rf1 Rd8
37.g4 Ke7 38.g5 hxg5 39.hxg5 Nh7 40.Ne6 Rd6 41.Re1 Bc2 42.Nxg7+ Kf7 43.Ne6 Rd5
44.Re5 Rxe5 45.dxe5 Kg6 46.Nd4 Be4 47.Bc8 Nxg5 48.Bxb7 c5 49.Bxe4+ Nxe4 50.Nc6 Kf5
51.Kf1 a6 52.Ke2 Ke6 53.Ke3 Kd5 54.Kf4 Nf2 55.Ne7+ Ke6 56.Ng6 Nd3+ 57.Ke4 Nf2+
58.Kf3 Nd1 59.Nf4+ Kxe5 60.Nd3+ Kd4  1/2-1/2

[Event "Novak Nikolic mem 1st"]
[Site "Belgrade"]
[Date "1998.02.12"]
[Round "7"]
[White "Cvetkovic, Srdjan"]
[Black "Zhukova, Natalia"]
[Result "1/2-1/2"]
[WhiteElo "2430"]
[BlackElo "2395"]

1.c4 c6 2.Nf3 d5 3.d4 Nf6 4.Qb3 dxc4 5.Qxc4 Bf5 6.Nc3 e6 7.g3 Nbd7 8.Bg2 Be7
9.O-O O-O 10.e3 Ne4 11.Rd1 Nxc3 12.bxc3 Be4 13.Qb3 Qc7 14.c4 c5 15.Bb2 Bf6
16.Ne5 Bxg2 17.Nxd7 Qxd7 18.Kxg2 cxd4 19.Bxd4 Qc6+ 20.Kg1 Rfd8 21.Bxf6 gxf6
22.Rd4 Rxd4 23.exd4 Rc8 24.Rc1 Qe4 25.Qe3 Qxe3 26.fxe3 f5 27.Kf2 Kf8 28.Kf3 Ke7
29.Kf4 f6 30.a4 Kd6 31.c5+ Kd5 32.Rb1 Rc7 33.a5 e5+ 34.Kxf5 exd4 35.exd4 Kxd4
36.Kxf6 Kxc5 37.g4 b5 38.axb6 axb6 39.h4 b5 40.g5 b4 41.h5 Rb7 42.g6 hxg6
43.hxg6 Kc4 44.g7 Rxg7  1/2-1/2

[Event "Malaga op"]
[Site "Malaga"]
[Date "1998.02.14"]
[Round "2"]
[White "Cifuentes Parada, Roberto"]
[Black "Rubio Doblas, Ricardo"]
[Result "1-0"]
[WhiteElo "2535"]
[BlackElo "2175"]

1.c4 c6 2.Nf3 d5 3.e3 Nf6 4.Nc3 g6 5.d4 Bg7 6.Bd3 O-O 7.O-O Bg4 8.h3 Bxf3
9.Qxf3 dxc4 10.Bxc4 Nbd7 11.Rd1 Qc7 12.e4 b5 13.Bb3 b4 14.Na4 e5 15.Be3 Rac8
16.Rac1 Qa5 17.Nc5 Qc7 18.Nd3 a5 19.d5 Qb7 20.Nc5 Nxc5 21.Bxc5 Rfd8 22.dxc6 Rxd1+
23.Qxd1 Qxc6 24.Be3 Qb7 25.Rxc8+ Qxc8 26.Qd6 Qe8 27.f3 Nh5 28.Qa6 Nf4 29.Qxa5 Bh6
30.Qa7 Ne2+ 31.Kf2 Bxe3+ 32.Kxe3 Nd4 33.Bd5 Ne6 34.g3 Qb5 35.f4 exf4+ 36.gxf4 Qf1
37.Qb8+ Kg7 38.Qe5+ Kh6 39.Bxe6 fxe6 40.Qg5+ Kg7 41.Qe7+ Kh6 42.Qh4+ Kg7
43.Qe7+ Kh6 44.Qxb4 Qg1+ 45.Kd2 Qf2+ 46.Kd3 Qf3+ 47.Kc2 Qe2+ 48.Kb3 Qd3+
49.Ka4 Qa6+ 50.Qa5 Qc4+ 51.Ka3 Qd3+ 52.b3 Qd6+ 53.Qb4 Qxf4 54.Qc4 Qd6+ 55.b4 g5
56.Ka4 Qd1+ 57.Qb3 Qd7+ 58.b5 Qa7+ 59.Kb4 Qe7+ 60.Kc3 Qc5+ 61.Qc4 Qa3+ 62.Kc2 Qxh3
63.b6 Qh2+ 64.Kb3 Qg3+ 65.Ka4 Qb8 66.Qxe6+  1-0

[Event "Clarin GP f"]
[Site "Villa Gisell"]
[Date "1998.03.09"]
[Round "3"]
[White "Sorokin, Maxim"]
[Black "Garcia Palermo, Carlos"]
[Result "1/2-1/2"]
[WhiteElo "2555"]
[BlackElo "2475"]

1.c4 c6 2.Nf3 d5 3.e3 Nf6 4.Nc3 a6 5.d4 b5 6.cxd5 cxd5 7.Ne5 e6 8.Bd3 Be7
9.Bd2 O-O 10.O-O Bb7 11.Rc1 Nbd7 12.Ne2 Nxe5 13.dxe5 Ne4 14.Nd4 Qb6 15.f3  1/2-1/2

[Event "VISA GP"]
[Site "Reykjavik"]
[Date "1998.03.10"]
[Round "1"]
[White "Cicak, Slavko"]
[Black "Ragnarsson, Johann Hjortur"]
[Result "0-1"]
[WhiteElo "2480"]
[BlackElo "2110"]

1.c4 c6 2.e4 d5 3.cxd5 cxd5 4.exd5 Nf6 5.Qa4+ Nbd7 6.Nc3 g6 7.d4 Bg7 8.Nh3 O-O
9.Nf4 Nb6 10.Qb3 h6 11.h4 Bf5 12.Be2 a5 13.a4 Qd6 14.Bf3 Qb4 15.Qd1 Ne4 16.Ra3 Bxd4
17.O-O Bxc3 18.Rb3 Qd6 19.bxc3 Nc5 20.Ba3 Rfc8 21.Rb5 Bd7 22.Nd3 Bxb5 23.axb5 Nc4
24.Bxc5 Rxc5 25.Nxc5 Qxc5 26.Qc1 Kg7 27.Qf4 Rc8 28.Re1 Qd6 29.Qd4+ Qf6 30.Rxe7 Qxd4
31.cxd4 Nd6 32.Rd7 a4 33.Re7 Rc1+ 34.Kh2 Kf6 35.Re2 Nxb5 36.Ra2 a3 37.d6 Rc3
38.d7 Ke7 39.h5 Nd6 40.Bg4 gxh5 41.Bh3 f5 42.Kg1 b5 43.Kf1 b4 44.Ke2 Kxd7  0-1

[Event "Belgrade (Women)"]
[Site "Belgrade"]
[Date "1998.03.11"]
[Round "8"]
[White "Prudnikova, Svetlana"]
[Black "Stefanova, Antoaneta"]
[Result "1/2-1/2"]
[WhiteElo "2420"]
[BlackElo "2480"]

1.c4 c6 2.d4 d5 3.Nc3 dxc4 4.e4 e5 5.dxe5 Qxd1+ 6.Kxd1 Be6 7.f4 g6 8.Nf3 Na6
9.Be3 O-O-O+ 10.Ke1 Bc5 11.Kf2 f6 12.Be2 Nh6 13.Bxc5 Nxc5 14.exf6 Ng4+ 15.Kg3 Nxf6
16.Ng5 Rd2 17.Nxe6 Nxe6 18.Bxc4 Nd4 19.Rad1 Nh5+ 20.Kh3 Nxf4+ 21.Kg4 Rxd1
22.Rxd1 Nfe6 23.Ne2 h5+ 24.Kg3 Nxe2+ 25.Bxe2 Re8 26.Bf3 Kc7 27.h4 Nc5 28.Kf4 Ne6+
29.Ke5 Nc5+ 30.Kf6 Nxe4+ 31.Kxg6 Ng3 32.Rd3 Re5 33.Kf6 Ra5 34.a3 Rf5+ 35.Kg6 Re5
36.Bd1 Nf5 37.Kf6 Rb5 38.g3 Nd6 39.b4 a5 40.bxa5 Rxa5 41.a4 Ne4+ 42.Kg6 Nf2
43.Rd2 Nxd1 44.Rxd1 Re5 45.g4 hxg4 46.h5 g3 47.h6 Rd5 48.Rg1 Rd6+ 49.Kg7 Rd7+
50.Kg8 Rd8+ 51.Kf7 Rd7+ 52.Kg6 Rd6+  1/2-1/2

[Event "AUT-chT2O 9798"]
[Site "Austria"]
[Date "1998.03.13"]
[Round "13"]
[White "Rumpl, Erwin"]
[Black "Koutsin, Sergey"]
[Result "1/2-1/2"]
[WhiteElo "2190"]
[BlackElo "2440"]

1.c4 c6 2.Nc3 d5 3.cxd5 cxd5 4.d4 Nf6 5.Bf4 a6 6.e3 Nc6 7.Bd3 Bg4 8.f3 Bh5
9.Nge2 Bg6 10.O-O e6 11.Rc1 Bd6 12.Bxd6 Qxd6 13.Nf4 Bxd3 14.Nxd3 O-O 15.f4 Na5
16.Rf3 Rac8 17.Rh3 Nc4 18.g4 g6 19.b3 Nb6 20.Ne5 Ne4 21.Qe1 Qe7 22.g5 Nxc3
23.Rxc3 Rxc3 24.Qxc3 Rc8 25.Qd2 Qc7 26.Rf3 Nd7 27.Nd3 Qc3 28.Rf2 Kg7 29.Qxc3 Rxc3
30.Rd2 h6 31.h4 h5 32.Kf2 b6 33.Ke2 Nb8 34.Rd1 Rc2+ 35.Rd2  1/2-1/2

[Event "POL-ch"]
[Site "Ksiaz"]
[Date "1998.03.14"]
[Round "3"]
[White "Cyborowski, Lukasz"]
[Black "Kuczynski, Robert"]
[Result "0-1"]
[WhiteElo "2425"]
[BlackElo "2485"]

1.c4 c6 2.e4 d5 3.exd5 cxd5 4.d4 Nf6 5.Nc3 e6 6.Nf3 Be7 7.cxd5 Nxd5 8.Bd3 Nc6
9.O-O O-O 10.Re1 Bf6 11.Be4 Nce7 12.h4 Nf5 13.Bxf5 exf5 14.Nxd5 Qxd5 15.Bg5 Be6
16.Bxf6 gxf6 17.Qd2 Kg7 18.h5 h6 19.Nh2 Rad8 20.Rad1 Kh7 21.Nf1 Rg8 22.Ne3 Qf3
23.Qd3 Kh8 24.g3 Qxh5 25.Kg2 f4 26.Rh1 Qg5 27.Rxh6+ Qxh6 28.Rh1 Qxh1+ 29.Kxh1 fxe3
30.Qxe3 Kg7 31.Kg2 Rge8 32.Qd3 Rd5 33.Qe2 Rxd4  0-1

[Event "New York op"]
[Site "New York"]
[Date "1998.03.17"]
[Round "3"]
[White "Gulko, Boris F"]
[Black "Delaune, Richard K"]
[Result "1-0"]
[WhiteElo "2585"]
[BlackElo "2365"]

1.c4 c6 2.e4 d5 3.exd5 Nf6 4.Nc3 cxd5 5.d4 g6 6.Qb3 Bg7 7.cxd5 O-O 8.Be2 Nbd7
9.Bf3 Nb6 10.Bf4 Bg4 11.Bxg4 Nxg4 12.Nf3 Nf6 13.d6 exd6 14.O-O Nh5 15.Bg5 Qd7
16.a4 Rae8 17.a5 Nc8 18.Rfe1 Ne7 19.Bxe7 Rxe7 20.Rxe7 Qxe7 21.Re1 Qd7 22.Qb5 Qd8
23.b4 b6 24.Nd5 bxa5 25.bxa5 Kh8 26.a6 Nf6 27.h3 Nxd5 28.Qxd5 Qb6 29.Ng5 h6
30.Nxf7+ Kh7 31.Re7 Qxd4 32.Qxd4 Bxd4 33.Nxd6+ Kg8 34.Ne4 Rc8 35.Rd7 Rc1+
36.Kh2 Be5+ 37.g3 Rc7 38.Rd5 Re7 39.Kg2 Kf7 40.Kf3 Bc7 41.Rc5 Bb6 42.Rc6 Rc7
43.Rxc7+ Bxc7 44.Ke3 Ke6 45.f4 Bb6+ 46.Kd3 h5 47.Ng5+ Kf5 48.Nf3 Bf2 49.Nd4+ Kf6
50.g4 hxg4 51.hxg4 Ke7 52.Ke4 Kd6 53.Nf3 Ke6 54.Ne5 Kf6 55.Kd5 Bg1 56.Kc6 Be3
57.Nd3 Ke6 58.Kb7 Kd6 59.Ne5 Bxf4 60.Nc6 Be3 61.Nxa7  1-0

[Event "Szeged TT03 IM"]
[Site "Szeged"]
[Date "1998.03.25"]
[Round "7"]
[White "Dobcsanyi, David"]
[Black "Dovzik, Juri"]
[Result "0-1"]
[WhiteElo "2155"]
[BlackElo "2375"]

1.c4 c6 2.Nc3 d5 3.cxd5 cxd5 4.d4 Nf6 5.Nf3 Nc6 6.Bf4 a6 7.e3 Bg4 8.Be2 e6
9.O-O Bd6 10.Bxd6 Qxd6 11.Rc1 O-O 12.a3 b5 13.b4 Rfc8 14.Nd2 Bxe2 15.Qxe2 Nd7
16.Nb3 Nb6 17.Nc5 Nc4 18.Rce1 e5 19.Qf3 exd4 20.Nxd5 N6e5 21.Qe4 Nd2 22.Qxd4 Nef3+  0-1

[Event "Hampstead GM"]
[Site "Hampstead"]
[Date "1998.03.28"]
[Round "5"]
[White "McNab, Colin Anderson"]
[Black "Crouch, Colin S"]
[Result "1/2-1/2"]
[WhiteElo "2500"]
[BlackElo "2410"]

1.c4 c6 2.Nf3 d5 3.e3 Nf6 4.Nc3 g6 5.d4 Bg7 6.Bd3 O-O 7.O-O Bg4 8.h3 Bxf3
9.Qxf3 e6 10.Rd1 Nbd7 11.Qe2 Qe7 12.e4 dxe4 13.Nxe4 Nxe4 14.Bxe4 Rad8 15.Bf3 Rfe8
16.Bf4  1/2-1/2

[Event "Hampstead GM"]
[Site "Hampstead"]
[Date "1998.03.29"]
[Round "7"]
[White "Grivas, Efstratios"]
[Black "Crouch, Colin S"]
[Result "1-0"]
[WhiteElo "2495"]
[BlackElo "2410"]

1.c4 c6 2.Nf3 d5 3.e3 Nf6 4.Nc3 g6 5.d4 Bg7 6.Bd3 O-O 7.O-O Bg4 8.h3 Bxf3
9.Qxf3 e6 10.cxd5 cxd5 11.Qd1 Nc6 12.Bd2 Ne8 13.Qb3 Nd6 14.Nb5 Nc8 15.Rfc1 f5
16.Nc3 Rf7 17.Na4 Nd6 18.Nc5 Qf6 19.Qd1 Nd8 20.Be2 Ne4 21.Nxe4 fxe4 22.Be1 Nc6
23.Qb3 Bf8 24.Rc2 Bd6 25.Rac1 Raf8 26.Bb5 Ne7 27.Be2 b6 28.a4 Qg5 29.Bg4 Nf5
30.Rc6 Rd8 31.Bb4 Qe7 32.Bxf5 Rxf5 33.Rxd6 Rxd6 34.Qa3 Qh4 35.Bxd6 Qxf2+
36.Kh1 Rg5 37.Rc8+ Kg7 38.Bf8+  1-0

[Event "Hampstead IM"]
[Site "Hampstead"]
[Date "1998.03.30"]
[Round "8"]
[White "Williams, Simon"]
[Black "Vigus, James"]
[Result "1-0"]
[WhiteElo "2315"]
[BlackElo "2260"]

1.c4 c6 2.Nc3 d5 3.cxd5 cxd5 4.d4 e5 5.dxe5 d4 6.Ne4 Nc6 7.Nf3 Bf5 8.Ng3 Bg6
9.e4 dxe3 10.Qxd8+ Rxd8 11.fxe3 Bb4+ 12.Kf2 h5 13.a3 Ba5 14.Bc4 Nh6 15.h3 Bc7
16.Bb5 O-O 17.Bxc6 bxc6 18.Bd2 Bxe5 19.Bb4 Bd6 20.Bxd6 Rxd6 21.Rhd1 Rfd8
22.Rxd6 Rxd6 23.Rc1 f6 24.Rc5 Rd5 25.Rxc6 a5 26.b4 axb4 27.axb4 Rb5 28.Rc4 Bf7
29.Rd4 g5 30.Ne4 Nf5 31.Rd7 Rxb4 32.Nxf6+ Kg7 33.Nxh5+ Kf8 34.Nf6 Rb2+ 35.Rd2 Rxd2+
36.Nxd2 Kg7 37.Nfe4 g4 38.hxg4 Ne7 39.Ng5 Ba2 40.e4 Kg6 41.Ngf3 Nc6 42.Kg3 Nb4
43.Ne5+ Kg7 44.Kf4 Be6 45.Ndf3 Nc2 46.g5 Bc8 47.g4 Kf8 48.g6 Kg8 49.Nh4  1-0

[Event "FRA-chT"]
[Site "FRA"]
[Date "1998.04.02"]
[Round "4"]
[White "Kallai, Gabor"]
[Black "Summerscale, Aaron"]
[Result "1-0"]
[WhiteElo "2470"]
[BlackElo "2440"]

1.c4 c6 2.d4 d5 3.Nf3 Nf6 4.Qc2 dxc4 5.Qxc4 Bf5 6.g3 e6 7.Bg2 h6 8.O-O Be7
9.Qb3 Qb6 10.Nbd2 Nbd7 11.Nc4 Qa6 12.Nfe5 Rd8 13.e3 Be4 14.Bxe4 Nxe4 15.Qc2 Nef6
16.Bd2 c5 17.dxc5 Nxc5 18.a4 Nce4 19.b4 b6 20.Nc6 Rc8 21.b5 Qb7 22.a5 bxa5
23.Rxa5 Bc5 24.Bb4 Bxb4 25.Nxb4 O-O 26.f3 Nd2 27.Qxd2 Rxc4 28.Nc6 Rc5 29.Qd6 Rxb5
30.Ne7+ Kh7 31.Qd3+ Kh8 32.Ng6+ fxg6 33.Qxb5 Qf7 34.Qc5 Ne4 35.Qxa7 Qxa7
36.Rxa7 Nd2 37.Rf2 Nxf3+ 38.Kh1 g5  1-0

[Event "AUT-ch U16 Girls"]
[Site "Koestendorf"]
[Date "1998.04.04"]
[Round "1.3"]
[White "Fabian, Leonie"]
[Black "Dorrek, Veronika"]
[Result "1/2-1/2"]
[WhiteElo "1614"]
[BlackElo "1462"]

1.c4 c6 2.Nc3 d5 3.e3 Nf6 4.Nf3 Bf5 5.cxd5 cxd5 6.a3 Nc6 7.d4 a6 8.b4 e6
9.Bb2 Be7 10.Be2 O-O 11.O-O Re8 12.Rc1 Qc7 13.Nh4 Bg6 14.Nxg6 fxg6 15.Qd2 Bd6
16.g3 Qd7 17.Bf3 a5 18.b5 Na7 19.a4 Nc8 20.Rfe1 Bb4 21.Qc2 Nb6 22.Rf1 Rac8
23.Qb3 Nc4 24.Nb1 Qd6 25.Bc3 Bxc3 26.Rxc3 Qd7 27.Rfc1 Kh8 28.Qc2 Kg8 29.Bg2 Rf8
30.e4 Ng4 31.Bf3 Nf6 32.exd5 exd5 33.Bxd5+ Qxd5 34.Rxc4 Rxc4 35.Qxc4 Qxc4
36.Rxc4 Re8 37.Kg2 Kf7 38.Rc7+ Re7 39.Rxe7+ Kxe7 40.Kf3 Kd6 41.Nc3 b6 42.h3 h6
43.Ke3 Ke6 44.f3 Kd6 45.Ne4+ Kd5 46.Kd3 g5 47.g4 Ke6 48.Nxf6 gxf6 49.Ke4 Kd6
50.Kd3 Kd5 51.Kc3 Ke6 52.Kc4 Kd6 53.Kc3 Kd5 54.Kd3 Kd6 55.Ke4 Ke6 56.d5+ Kd6  1/2-1/2

[Event "CZE-chT 9798"]
[Site "CZE"]
[Date "1998.04.05"]
[Round "11"]
[White "Hausner, Ivan"]
[Black "Haba, Zdenek"]
[Result "1-0"]
[WhiteElo "2415"]
[BlackElo "2255"]

1.c4 c6 2.e4 d5 3.exd5 cxd5 4.d4 Nf6 5.Nc3 g6 6.cxd5 a6 7.Nf3 Bg7 8.Qa4+ Nbd7
9.d6 exd6 10.Bf4 O-O 11.Be2 Re8 12.O-O Nb6 13.Qa3 Nbd5 14.Nxd5 Nxd5 15.Bg5 Nf6
16.Rfe1 Bf5 17.Bf4 Ne4 18.Bd3 d5 19.Qb3 h6 20.h3 Re7 21.Rac1 Rc8 22.Rxc8 Bxc8
23.Rc1 Be6 24.Qb4 g5 25.Bh2 f5 26.Be5 g4 27.hxg4 fxg4 28.Ne1 Bxe5 29.dxe5 g3
30.fxg3 Nxg3 31.Nf3 Rg7 32.Qd6 Qxd6 33.exd6 Nf5 34.Bxf5 Bxf5 35.Ne5 Kf8 36.Rf1 Rg5
37.d7 Ke7 38.d8=B+ Kxd8 39.Nf7+  1-0

[Event "Vecernjakov GP"]
[Site "Sarajevo"]
[Date "1998.04.08"]
[Round "7"]
[White "Boric, Muhamed"]
[Black "Glavas, Dragan"]
[Result "0-1"]
[WhiteElo "2400"]
[BlackElo "2300"]

1.c4 c6 2.d4 d5 3.Nf3 e6 4.Qc2 Nf6 5.g3 Ne4 6.Bg2 f5 7.Nbd2 Nd7 8.O-O Nxd2
9.Bxd2 Nf6 10.Ne5 Be7 11.b4 O-O 12.Rfc1 Ne4 13.Be1 Bd7 14.a4 Bf6 15.b5 Rc8
16.cxd5 cxd5 17.Qd3 Bxe5 18.dxe5 Qb6 19.e3 a6 20.f3 Rxc1 21.Rxc1 Nc5 22.Qd4 Nxa4
23.bxa6 bxa6 24.Bf1 Bb5 25.Qxb6 Nxb6 26.Bxb5 axb5 27.Rc6 Nc4 28.Rxe6 Kf7
29.Ra6 Nxe5 30.Bc3 Nxf3+ 31.Kg2 Rc8 32.Ra7+ Ke6 33.Bxg7 Ng5 34.Rb7 Rc2+ 35.Kf1 Rxh2
36.Rxb5 Ne4 37.Rb6+ Kf7 38.Be5 Nd2+  0-1

[Event "Czerniak mem 14th"]
[Site "Tel Aviv"]
[Date "1998.04.09"]
[Round "1"]
[White "Manor, Ilan"]
[Black "Kundin, Alexander"]
[Result "1/2-1/2"]
[WhiteElo "2530"]
[BlackElo "2425"]

1.c4 c6 2.e4 d5 3.exd5 cxd5 4.d4 Nf6 5.Nc3 e6 6.Nf3 Bb4 7.cxd5 Nxd5 8.Bd2 Nc6
9.Bd3 O-O 10.O-O Be7 11.Rc1 Nf6 12.Bg5 b6 13.Ne5 Nxd4 14.Be3 Nf5 15.Bxf5 exf5
16.Nc6 Qc7 17.Nb5 Qb7 18.Nd6 Bxd6 19.Qxd6 Be6 20.Bd4 Qd7 21.Qg3 f4 22.Qg5 h6
23.Qxf4 Nd5 24.Qh4 Rac8 25.Ne5 Qe7 26.Qg3 Rxc1 27.Rxc1 Qg5 28.Qxg5 hxg5 29.f3 f6
30.Nc6 Rc8 31.Be3 Bd7 32.Nxa7 Ra8 33.Rd1 Be6 34.Nc6 Nxe3 35.Re1 Rxa2 36.Rxe3 Bf7
37.b4 Kf8 38.Rd3 Bc4 39.Rd6 Ra1+ 40.Kf2 Ra2+ 41.Kg1 Ra1+ 42.Kf2  1/2-1/2

[Event "AUT-ch U16"]
[Site "Koestendorf"]
[Date "1998.04.10"]
[Round "7.5"]
[White "Wagner, Stephan"]
[Black "Hupfer, Robert"]
[Result "0-1"]
[WhiteElo "1816"]
[BlackElo "1854"]

1.c4 c6 2.Nc3 Nf6 3.g3 d5 4.cxd5 cxd5 5.Bg2 e6 6.Nf3 Nc6 7.d4 Bd6 8.O-O a6
9.a4 O-O 10.Bd2 Bd7 11.Re1 Ne4 12.Bc1 f5 13.Bf4 Bxf4 14.gxf4 Qc7 15.e3 Rac8
16.Rc1 Qb6 17.Qe2 Na5 18.Ne5 Nxc3 19.bxc3 Bxa4 20.Kh1 Nc4 21.Nd3 Rc7 22.Nc5 Bb5
23.Qh5 Qd6 24.Rg1 Rfc8 25.Bf3 Na5 26.Ra1 b6 27.Rg3 bxc5 28.Rxa5 cxd4 29.cxd4 Rc1+
30.Bd1 Qc7 31.Ra2 Qf7 32.Qf3 Bd3 33.Kg1 Bc2 34.Rxc2 R8xc2 35.Kg2 Rd2 36.Be2 a5  0-1

[Event "Metz op"]
[Site "Metz"]
[Date "1998.04.10"]
[Round "6"]
[White "Turner, Matthew"]
[Black "Quenette, Remi"]
[Result "1-0"]
[WhiteElo "2470"]
[BlackElo "2175"]

1.c4 c6 2.e4 d5 3.cxd5 cxd5 4.exd5 Nf6 5.Bb5+ Bd7 6.Bc4 Na6 7.Nc3 Rc8 8.d3 g6
9.Nge2 Bg7 10.O-O O-O 11.Be3 Nc7 12.a4 a6 13.Bb6 Bf5 14.Ng3 Qd7 15.Qb3 e6
16.Bxc7 Rxc7 17.dxe6 Bxe6 18.Bxe6 Qxe6 19.Qxe6 fxe6 20.Rae1 Rd8 21.Rxe6 Rxd3
22.Rfe1 Kf7 23.R6e2 Rdd7 24.h3 h6 25.Kf1 Nd5 26.Nxd5 Rxd5 27.Ne4 Rdd7 28.b3 Rc6
29.Re3 Kg8 30.g3 Rc2 31.Kg2 Rf7 32.R3e2 Rxe2 33.Rxe2 Re7 34.f4 b5 35.axb5 axb5
36.Kf3 Rd7 37.Rd2 Rxd2 38.Nxd2 Kf7 39.Ke4 Ke6 40.Nf3 Kd6 41.Nh4 Kc5 42.Nxg6 Kb4
43.Ne7 Kxb3 44.g4 Kc4 45.Nd5 Bc3 46.g5 hxg5 47.fxg5 Bd2 48.h4 Kc5 49.Ke5 Kc6
50.Ke6 Kc5 51.g6 Bh6 52.Nc7  1-0

[Event "Dreifluesse op"]
[Site "Passau"]
[Date "1998.04.10"]
[Round "2"]
[White "Spiegl, Wolfgang"]
[Black "Braun, Christian"]
[Result "1/2-1/2"]
[WhiteElo "1880"]
[BlackElo "2195"]

1.c4 c6 2.Nc3 d5 3.cxd5 cxd5 4.d4 Nc6 5.Nf3 Nf6 6.Bg5 Ne4 7.Bh4 g6 8.e3 Nxc3
9.bxc3 Bg7 10.Be2 O-O 11.O-O Bf5 12.c4 dxc4 13.Bxc4 Rc8 14.Bd3 Bxd3 15.Qxd3 Qd7
16.Rab1 b6 17.Qb5 Rfe8 18.Bg3 Red8 19.Rfc1 Nb8 20.Qb3 e6 21.Bxb8 Rxb8 22.Rc4 b5
23.Rc5 Rdc8 24.Rbc1 Rxc5 25.Rxc5 Bf8 26.Ne5 Qb7 27.Rc3 Bd6 28.Nd3 a5 29.Nc5 Qe7
30.Qc2 e5 31.d5 b4 32.Rc4 Rb5 33.Ne4 Rxd5 34.Rc8+ Kg7 35.h3 f5 36.Nxd6 Rxd6
37.Rc7 Rd7 38.Rxd7 Qxd7 39.Qc5 Qe6 40.Qxa5 Qd6 41.g3 f4 42.exf4 exf4 43.Qa7+ Kh6
44.g4 Qd1+  1/2-1/2

[Event "St Petersburg-ch"]
[Site "St Petersburg"]
[Date "1998.04.10"]
[Round "4"]
[White "Kochyev, Alexander"]
[Black "Aseev, Konstantin N"]
[Result "1/2-1/2"]
[WhiteElo "2430"]
[BlackElo "2565"]

1.c4 c6 2.d4 d5 3.cxd5 cxd5 4.Nc3 Nf6 5.Nf3 Nc6 6.Bf4 Bf5 7.e3 e6 8.Bd3 Bxd3
9.Qxd3 Bd6 10.Bxd6 Qxd6 11.O-O O-O 12.Rfc1 Rfc8 13.Ne2 Ne7  1/2-1/2

[Event "Dreifluesse op"]
[Site "Passau"]
[Date "1998.04.11"]
[Round "3"]
[White "Voss, Heiko"]
[Black "Jess, Stefan"]
[Result "0-1"]
[WhiteElo "2065"]
[BlackElo "1781"]

1.c4 c6 2.Nc3 d5 3.cxd5 cxd5 4.d4 Nf6 5.Nf3 Nc6 6.g3 g6 7.Bg2 Bg7 8.O-O O-O
9.Bf4 a6 10.Ne5 e6 11.Nxc6 bxc6 12.Rc1 Nh5 13.Na4 Nxf4 14.gxf4 Bd7 15.Qd2 Qc7
16.Rc2 Rfc8 17.Rfc1 Bf8 18.e3 Rab8 19.Nc5 Bxc5 20.Rxc5 Rb6 21.b4 Qb7 22.a3 f5
23.Bf1 Kf7 24.Ra5 Ra8 25.Qc3 h6 26.Qc5 Qb8 27.Be2 g5 28.fxg5 hxg5 29.Rb1 Qc7
30.a4 Rh8 31.Bf3 Qxh2+ 32.Kf1 g4 33.Bg2 Qb8 34.Qc3 Rh2 35.Kg1 g3 36.f4 Qh8
37.Rb2 Qh5 38.Qd2 Rb8 39.Rxa6 Rh8 40.Kf1 Rh1+ 41.Bxh1 Qxh1+ 42.Ke2 Rh2+ 43.Kd3 Rxd2+
44.Rxd2 Qf1+  0-1

[Event "Czerniak mem 14th"]
[Site "Tel Aviv"]
[Date "1998.04.16"]
[Round "7"]
[White "Zifroni, Dov"]
[Black "Skripchenko, Almira"]
[Result "1-0"]
[WhiteElo "2500"]
[BlackElo "2400"]

1.c4 c6 2.e4 e5 3.Nc3 Bb4 4.Nf3 d6 5.d4 Qe7 6.Bd3 Bg4 7.a3 Bxc3+ 8.bxc3 c5
9.h3 Bd7 10.Rb1 b6 11.O-O Nc6 12.d5 Na5 13.Nh2 O-O-O 14.f4 Qe8 15.Be3 Ne7
16.fxe5 dxe5 17.Qf3 f6 18.Bxc5 bxc5 19.Qf2 Nb7 20.Qb2 Bc6 21.Bc2 Rd6 22.Ba4 Qd7
23.dxc6 Nxc6 24.Ng4 Qc7 25.Ne3 Ne7 26.Nd5 Nxd5 27.cxd5 Rhd8 28.Qe2 Na5 29.Qg4+ R6d7
30.Rf2 Nc4 31.Bxd7+ Rxd7 32.Qe6 Qd6 33.Qg8+ Rd8 34.Qxg7  1-0

[Event "St Petersburg-ch"]
[Site "St Petersburg"]
[Date "1998.04.17"]
[Round "10"]
[White "Kochyev, Alexander"]
[Black "Popov, Valerij"]
[Result "1/2-1/2"]
[WhiteElo "2430"]
[BlackElo "2505"]

1.c4 c6 2.d4 d5 3.Nf3 Nf6 4.e3 Bg4 5.cxd5 Bxf3 6.Qxf3 cxd5 7.Nc3 Nc6 8.Bd3 e6
9.O-O Bd6 10.Qe2 Rc8 11.Bd2  1/2-1/2

[Event "Serbian-ch 29th"]
[Site "Sabac"]
[Date "1998.04.23"]
[Round "4"]
[White "Cabrilo, Goran"]
[Black "Matulovic, Milan"]
[Result "1/2-1/2"]
[WhiteElo "2490"]
[BlackElo "2420"]

1.c4 c6 2.e4 d5 3.exd5 cxd5 4.d4 Nf6 5.Nc3 Nc6 6.Nf3 Bg4 7.cxd5 Nxd5 8.Qb3 Bxf3
9.gxf3 Nb6 10.Be3 e6 11.Rg1 g6 12.O-O-O Be7 13.d5 exd5 14.Nxd5 Nxd5 15.Rxd5 Qc7
16.Qc3 Bf6 17.Qxf6 Nd4+  1/2-1/2

[Event "SVR-op"]
[Site "Nickenich"]
[Date "1998.04.??"]
[Round "1"]
[White "Zirwes, Hans Juergen"]
[Black "Scholtes, Guenter"]
[Result "1-0"]
[WhiteElo "1805"]
[BlackElo "1270"]

1.c4 c6 2.Nc3 d5 3.e3 Nf6 4.d4 Be6 5.cxd5 Nxd5 6.Nf3 Nxc3 7.bxc3 Qa5 8.Qc2 Bf5
9.Qb2 Qc7 10.Bd2 Nd7 11.c4 e6 12.Rc1 Be7 13.Bc3 O-O 14.Be2 Nf6 15.Nh4 Be4
16.f3 Nd7 17.g3 Bxh4 18.fxe4 Bxg3+ 19.hxg3 Qxg3+ 20.Kd2 Qg6 21.Rcg1 Qxe4
22.Bd3 Qf3 23.Bxh7+  1-0

[Event "SVR-op"]
[Site "Nickenich"]
[Date "1998.04.??"]
[Round "2"]
[White "Mehlem, Sabine"]
[Black "Lindner, Christina"]
[Result "1-0"]
[WhiteElo "1520"]
[BlackElo "1120"]

1.c4 c6 2.Nc3 g6 3.d3 Bg7 4.Be3 e6 5.Rb1 Ne7 6.Nf3 d5 7.cxd5 cxd5 8.d4 Nbc6
9.g3 b6 10.Bg2 Bb7 11.O-O Nf5 12.Bf4 Nfxd4 13.Nxd4 Nxd4 14.Be3 Nf5 15.Bc1 Qd7
16.e3 Rd8 17.Qc2 O-O 18.Rd1 Rfe8 19.Bf1 a6 20.b3 e5 21.Bh3 Qe6 22.Bxf5 Qxf5
23.Qxf5 gxf5 24.Ne2 Rd7 25.Bb2 f6 26.Rbc1 Re6 27.Rc2 Kf7 28.f4 h5 29.h4 Bh6
30.Rdc1 exf4 31.exf4 Bf8 32.Kf1 Bc5 33.Rd1 Re3 34.Rc3 d4 35.Rxe3 d3 36.Rexd3 Rxd3
37.Rxd3 Be4 38.Rd7+ Ke6 39.Rh7 Kd5 40.Rxh5 Bd3 41.Rh7 Ke4 42.Ke1 Kf3 43.Nd4+ Kxg3
44.Rg7+ Kxf4 45.Ne6+ Ke4 46.Nxc5+ bxc5 47.h5 f4 48.h6 f3 49.h7  1-0